Loading...
Handbook of college and University administration : Academic /
| Other Authors: | |
|---|---|
| Format: | Printed Book |
| Language: | English |
| Published: |
New York
McGraw-Hill,
1970.
|
| LEADER | 00520nam a2200145Ia 4500 | ||
|---|---|---|---|
| 008 | 150624b xxu||||| |||| 00| 0 eng d | ||
| 999 | |c 2906 |d 2906 | ||
| 020 | |a 070351945 | ||
| 082 | |a 378.155 | ||
| 245 | |a Handbook of college and University administration : |b Academic / |c Edited by Asa S. Knoles | ||
| 260 | |b McGraw-Hill, |c 1970. |a New York | ||
| 300 | |a 11-108p. | ||
| 700 | |a Knowles, Asa S. |e editor. | ||
| 942 | |c REF | ||
| 952 | |0 0 |1 0 |2 ddc |4 0 |6 378_155000000000000_HAN |7 0 |9 2905 |a UL |b UL |c REF |d 1998-09-01 |l 0 |o 378.155 HAN |p 5463 |r 2012-10-27 |y REF | ||